Stati Casuali degli Stati Uniti su una Mappa - Statistics

Statistiche generali
  • Questo quiz è stato fatto 14.278 volte
  • Il punteggio medio è 9 su 15
Risposte nella Mappa
Le risposte nella mappa del quiz sottostante sono codificate secondo una scala di colori dal rosso al verde in base alla % di persone che hanno risposto correttamente.
 
Statistiche sulle risposte
Stato % Corretto
California
96%
Texas
96%
Alaska
95%
Florida
93%
Washington
88%
Nevada
80%
Michigan
73%
New York
73%
Nuovo Messico
73%
Oregon
72%
Arizona
71%
Dakota del Nord
71%
Montana
71%
Idaho
69%
Maine
67%
Colorado
64%
Georgia
62%
Louisiana
62%
Ohio
62%
Tennessee
62%
Alabama
61%
Dakota del Sud
60%
Illinois
60%
Minnesota
60%
Utah
59%
Virginia
59%
Hawaii
58%
Mississippi
57%
Oklahoma
55%
Wyoming
55%
Carolina del Sud
53%
Kansas
53%
Indiana
52%
Pennsylvania
51%
Vermont
51%
Arkansas
49%
Carolina del Nord
49%
Kentucky
49%
Nebraska
49%
Rhode Island
49%
Virginia Occidentale
49%
Missouri
48%
New Jersey
48%
Wisconsin
45%
Connecticut
44%
Iowa
44%
Maryland
44%
New Hampshire
41%
Delaware
39%
Massachusetts
37%
Nessun quiz corrispondente trovato
Distribuzione punteggi
Percentuale di utenti per punteggio
Percentile per numero di risposta
I tuoi punteggi nel tempo
Non hai fatto questo quiz